| 000 -LEADER |
| fixed length control field |
00334nam a22001217a 4500 |
| 008 - FIXED-LENGTH DATA ELEMENTS--GENERAL INFORMATION |
| fixed length control field |
250228b ||||| |||| 00| 0 eng d |
| 020 ## - INTERNATIONAL STANDARD BOOK NUMBER |
| International Standard Book Number |
9781847502988 |
| 082 ## - DEWEY DECIMAL CLASSIFICATION NUMBER |
| Classification number |
932 ALL |
| 100 ## - MAIN ENTRY--PERSONAL NAME |
| Personal name |
ALL |
| 245 ## - TITLE STATEMENT |
| Title |
DISCOVERING ANCIENT EGYPT |
| 260 ## - PUBLICATION, DISTRIBUTION, ETC. |
| Place of publication, distribution, etc. |
2ND FLOOR,314 REGENTS PARK ROAD LONDON N3 2JX |
| Name of publisher, distributor, etc. |
ALLIGATOR PRODUCTS LTD |
| Date of publication, distribution, etc. |
2019 |
| 942 ## - ADDED ENTRY ELEMENTS (KOHA) |
| Source of classification or shelving scheme |
|